000 00628nam a2200229 a 4500
005 20210219152907.0
008 991125n 000 0 eng u
035 _aUPN01000065962
100 _aEhri, Linnea
222 _aREADING RESEARCH QUARTERLY
245 _aBeginners need some decoding skill to read words by analogy
300 _a12-27
362 _a1992 27, No. 1
505 _aMayo 1992
653 0 _aESTRATEGIAS DE LECTURA
653 0 _aHABILIDAD LECTORA
653 0 _aLECTURA INICIAL
653 0 _aRECONOCIMIENTO DE PALABRAS
700 _aRobbins, Claudia
904 _aAC
_b003773
905 _aArticulo
999 _c63219
_d63219